[Event "COL-ch sf (Women)"]
[Site "Pereira"]
[Date "2024.03.31"]
[Round "8"]
[White "Luna Monsalve, Sofia"]
[Black "Quevedo Bonilla, Paula Thaliana"]
[Result "1/2-1/2"]
[WhiteElo "1780"]
[BlackElo "1737"]
[PlyCount "83"]
[EventDate "2024.03.27"]
[EventType "swiss"]
[EventRounds "9"]
[EventCountry "COL"]
[SourceTitle "CB14_2024"]
[SourceDate "2024.04.01"]
[SourceVersion "1"]
[SourceVersionDate "2024.04.01"]
[SourceQuality "1"]

1. d4 d5 2. c4 e6 3. Nc3 Nf6 4. cxd5 exd5 5. Bg5 Be7 6. e3 0-0 7. Bd3 h6 8. Bh4 c6 9. Qc2 Re8 10. Nf3 Ne4 11. Bxe7 Qxe7 12. 0-0 Bf5 13. Rab1 Nd7 14. b4 Nxc3 15. Qxc3 Bxd3 16. Qxd3 a6 17. Rfc1 Nb6 18. Nd2 Qg5 19. Nb3 h5 20. Nc5 Re7 21. a4 Nc4 22. b5 cxb5 23. axb5 a5 24. Ra1 b6 25. Na4 Rc8 26. Rc2 Rec7 27. Rac1 Qd8 28. h3 Nd6 29. Nc3 Ne8 30. Qf5 Nf6 31. Na4 Rxc2 32. Rxc2 Rxc2 33. Qxc2 Qd6 34. Qc6 Qb4 35. Nxb6 Qe1+ 36. Kh2 Qxf2 37. Nxd5 Ng4+ 38. hxg4 Qh4+ 39. Kg1 Qe1+ 40. Kh2 Qh4+ 41. Kg1 Qe1+ 42. Kh2 1/2-1/2

[Event "COL-ch sf (Women)"]
[Site "Pereira"]
[Date "2024.03.30"]
[Round "6"]
[White "Quevedo Bonilla, Paula Thaliana"]
[Black "Sanchez Riobo, Emily Dainne"]
[Result "1-0"]
[WhiteElo "1737"]
[BlackElo "1687"]
[PlyCount "49"]
[EventDate "2024.03.27"]
[EventType "swiss"]
[EventRounds "9"]
[EventCountry "COL"]
[SourceTitle "CB14_2024"]
[SourceDate "2024.04.01"]
[SourceVersion "1"]
[SourceVersionDate "2024.04.01"]
[SourceQuality "1"]

1. e4 c6 2. d4 d5 3. e5 Bf5 4. Be2 e6 5. Nf3 Nd7 6. Be3 Qb6 7. b3 c5 8. 0-0 h6 9. c4 Be4 10. Nc3 cxd4 11. Bxd4 Bc5 12. cxd5 exd5 13. Bxc5 Qxc5 14. Nb5 Kd8 15. Nd6 Ke7 16. Rc1 Qb4 17. Rc7 Rd8 18. Bb5 a6 19. a3 Qa5 20. Rxd7+ Rxd7 21. Bxd7 Kxd7 22. Nxe4 Ke6 23. b4 Qb6 24. Nc5+ Ke7 25. Qxd5 1-0

[Event "COL-ch sf (Women)"]
[Site "Pereira"]
[Date "2024.03.29"]
[Round "4"]
[White "Quevedo Bonilla, Paula Thaliana"]
[Black "Ortegon Villacorte, Linda Daniela"]
[Result "1-0"]
[WhiteElo "1737"]
[BlackElo "1924"]
[PlyCount "35"]
[EventDate "2024.03.27"]
[EventType "swiss"]
[EventRounds "9"]
[EventCountry "COL"]
[SourceTitle "CB14_2024"]
[SourceDate "2024.04.01"]
[SourceVersion "1"]
[SourceVersionDate "2024.04.01"]
[SourceQuality "1"]

1. e4 e6 2. d4 d5 3. Nc3 Bb4 4. e5 c5 5. a3 Bxc3+ 6. bxc3 Ne7 7. Qg4 Qc7 8. Qxg7 Rg8 9. Qxh7 cxd4 10. Ne2 Nbc6 11. f4 Bd7 12. Qd3 dxc3 13. Qxc3 Rc8 14. Bd2 Nf5 15. h3 Qd8 16. Qd3 Qh4+ 17. Kd1 Rg3 18. Be1 1-0

[Event "ARG-ch U18 Girls"]
[Site "Ibague"]
[Date "2024.03.14"]
[Round "1"]
[White "Callejas Riano, Natalia Catherine"]
[Black "Quevedo Bonilla, Paula Thaliana"]
[Result "0-1"]
[WhiteElo "1470"]
[BlackElo "1737"]
[PlyCount "60"]
[EventDate "2024.03.14"]
[EventType "swiss"]
[EventRounds "7"]
[EventCountry "COL"]
[SourceTitle "CB12_2024"]
[SourceDate "2023.10.01"]
[SourceVersion "1"]
[SourceVersionDate "2023.10.01"]
[SourceQuality "1"]

1. e4 c5 2. Nf3 d6 3. d4 cxd4 4. Nxd4 Nf6 5. Nc3 a6 6. Be2 e6 7. 0-0 Be7 8. h3 0-0 9. Be3 Qc7 10. Qd2 b5 11. a3 Bb7 12. Bd3 Nbd7 13. Nf3 Rfd8 14. Rfe1 d5 15. exd5 Nxd5 16. Nxd5 Bxd5 17. Nd4 Bf6 18. c3 Nc5 19. Qe2 Nxd3 20. Qxd3 e5 21. Nc2 Bxg2 22. Qf5 Bb7 23. Qg4 Qc6 24. Kf1 h5 25. Qg3 Qc4+ 26. Kg1 Qe4 27. f3 Qxc2 28. Bb6 Rd2 29. Bc7 h4 30. Qg4 Bc8 0-1

[Event "COL-ch U20 Girls"]
[Site "Cali"]
[Date "2024.02.29"]
[Round "2"]
[White "Mogollon Tobar, Nicolle Juliet"]
[Black "Quevedo Bonilla, Paula Thaliana"]
[Result "1-0"]
[WhiteElo "1927"]
[BlackElo "1561"]
[PlyCount "49"]
[EventDate "2024.02.28"]
[EventType "swiss"]
[EventRounds "9"]
[EventCountry "COL"]
[SourceTitle "CB11_2024"]
[SourceDate "2024.03.13"]
[SourceVersion "1"]
[SourceVersionDate "2024.03.13"]
[SourceQuality "1"]

1. e4 c5 2. Nf3 d6 3. d4 cxd4 4. Nxd4 Nf6 5. Nc3 a6 6. f3 e5 7. Nb3 Be7 8. Be3 Be6 9. Qd2 0-0 10. 0-0-0 Nbd7 11. g4 b5 12. g5 b4 13. Nd5 Nxd5 14. exd5 Bf5 15. h4 a5 16. Bd3 Bxd3 17. Qxd3 Qc7 18. Kb1 a4 19. Nd2 Rfc8 20. h5 Nf8 21. Rdg1 Bd8 22. g6 fxg6 23. hxg6 Nxg6 24. Rxh7 Kxh7 25. Qxg6+ 1-0

[Event "Pereira GP op 2nd"]
[Site "Pereira"]
[Date "2023.10.22"]
[Round "6"]
[White "Chica Londono, Daniel"]
[Black "Quevedo Bonilla, Paula Thaliana"]
[Result "0-1"]
[WhiteElo "1344"]
[BlackElo "1520"]
[PlyCount "118"]
[EventDate "2023.10.21"]
[EventType "swiss"]
[EventRounds "6"]
[EventCountry "COL"]
[SourceTitle "Mega2024 Update 01"]
[Source "Chessbase"]
[SourceDate "2023.11.12"]
[SourceVersion "1"]
[SourceVersionDate "2023.11.12"]
[SourceQuality "1"]

1. d4 Nf6 2. Nf3 g6 3. c4 Bg7 4. g3 0-0 5. Bg2 d6 6. Nc3 Nbd7 7. 0-0 c5 8. e4 cxd4 9. Nxd4 Ne5 10. b3 Bd7 11. Bb2 Qc8 12. Qd2 Bh3 13. Nd5 Re8 14. Bxh3 Qxh3 15. Nc7 Nxe4 16. Qe2 f5 17. f3 Nc5 18. Nxa8 Rxa8 19. Rad1 Re8 20. b4 Na4 21. Qc2 Nxb2 22. Qxb2 Nxc4 23. Qb3 d5 24. Ne6 Bh6 25. f4 Nb6 26. Rc1 Qg4 27. Qf3 Qxf3 28. Rxf3 Kf7 29. Nc5 e5 30. Nxb7 Re7 31. Nc5 e4 32. Rf2 Bg7 33. Rd1 d4 34. Rfd2 e3 35. Re2 Nd5 36. Na4 Nxb4 37. Nc5 Nd5 38. Na4 Rc7 39. Rd3 Nb4 40. Rd1 d3 41. Rxe3 Bd4 42. Kf2 Rc2+ 43. Kf3 Bxe3 44. Kxe3 Rxa2 45. Nc5 Rxh2 46. Nxd3 Nc2+ 47. Kf3 Nd4+ 48. Ke3 Nc6 49. Nf2 Ke6 50. Ra1 h5 51. Rd1 h4 52. Kf3 hxg3 53. Kxg3 Rh7 54. Nh3 Rb7 55. Ng5+ Ke7 56. Re1+ Kd7 57. Ne6 Kd6 58. Nf8 Rf7 59. Ne6 Re7 0-1

[Event "Pereira Fiestas de la Cosecha op"]
[Site "Pereira"]
[Date "2023.08.25"]
[Round "3"]
[White "Cuellar Canosa, Nicolas"]
[Black "Quevedo Bonilla, Paula Thaliana"]
[Result "0-1"]
[WhiteElo "1852"]
[BlackElo "1485"]
[PlyCount "110"]
[EventDate "2023.08.24"]
[EventType "swiss"]
[EventRounds "7"]
[EventCountry "COL"]
[SourceTitle "EXT 2024"]
[Source "ChessBase"]
[SourceDate "2023.10.10"]
[SourceVersion "1"]
[SourceVersionDate "2023.10.10"]
[SourceQuality "1"]

1. e4 c5 2. Nf3 d6 3. d4 cxd4 4. Nxd4 Nf6 5. Nc3 a6 6. Bg5 Nbd7 7. Bc4 Qb6 8. Bb3 h6 9. Bh4 g6 10. 0-0 Bg7 11. Re1 0-0 12. Kh1 Nc5 13. f4 Bg4 14. Qd2 e5 15. Bxf6 Bxf6 16. Nd5 Qd8 17. Nf3 Bg7 18. c3 Nxb3 19. axb3 f5 20. h3 Bxf3 21. gxf3 Qh4 22. Kg2 exf4 23. Qxf4 Qxf4 24. Nxf4 fxe4 25. Rxe4 g5 26. Ne6 Rfe8 27. Nxg7 Rxe4 28. fxe4 Kxg7 29. Rd1 Rd8 30. c4 Kf6 31. Rd5 Ke7 32. b4 Rc8 33. c5 dxc5 34. bxc5 Rc6 35. Kf3 b6 36. cxb6 Rxb6 37. Ra5 Kf6 38. Rd5 Ke6 39. Rc5 Kf6 40. Rc8 a5 41. Rf8+ Kg7 42. Rf5 Rb3+ 43. Kg4 Kg6 44. Rf3 h5+ 45. Kg3 h4+ 46. Kg4 Rxb2 47. Rf5 Rg2+ 48. Kf3 Rg3+ 49. Kf2 a4 50. Ra5 a3 51. Ra6+ Kf7 52. Ra5 Kf6 53. Rf5+ Kg6 54. Ra5 Rxh3 55. Ra6+ Kf7 0-1

[Event "Pereira Fiestas de la Cosecha op"]
[Site "Pereira"]
[Date "2023.08.24"]
[Round "1"]
[White "Chavez Duero, Brayan Steven"]
[Black "Quevedo Bonilla, Paula Thaliana"]
[Result "1-0"]
[WhiteElo "2040"]
[BlackElo "1485"]
[PlyCount "59"]
[EventDate "2023.08.24"]
[EventType "swiss"]
[EventRounds "7"]
[EventCountry "COL"]
[SourceTitle "EXT 2024"]
[Source "ChessBase"]
[SourceDate "2023.10.10"]
[SourceVersion "1"]
[SourceVersionDate "2023.10.10"]
[SourceQuality "1"]

1. e4 c5 2. Nf3 d6 3. d4 cxd4 4. Nxd4 Nf6 5. Nc3 a6 6. f3 e5 7. Nb3 Be7 8. Be3 Be6 9. Qd2 0-0 10. 0-0-0 Nbd7 11. g4 Nb6 12. h4 Rc8 13. h5 d5 14. Qh2 Qc7 15. g5 d4 16. gxf6 Bxf6 17. Nxd4 exd4 18. Qxc7 Rxc7 19. Bxd4 Bxd4 20. Rxd4 Rd7 21. Rxd7 Nxd7 22. f4 g6 23. Be2 Re8 24. Rg1 Kf8 25. e5 Bf5 26. Bf3 b5 27. Nd5 Rc8 28. Rg2 f6 29. hxg6 hxg6 30. exf6 1-0

[Event "Rivera Huila Hernandez Memorial-B"]
[Site "Rivera Huila"]
[Date "2023.07.23"]
[Round "6"]
[White "Quevedo Bonilla, Paula Thaliana"]
[Black "Rodriguez, Juan Carlos1111"]
[Result "1-0"]
[WhiteElo "1462"]
[BlackElo "1858"]
[PlyCount "85"]
[EventDate "2023.07.20"]
[EventType "swiss"]
[EventRounds "7"]
[EventCountry "COL"]
[SourceTitle "CBM 215 Extra"]
[Source "ChessBase"]
[SourceDate "2023.09.30"]
[SourceVersion "1"]
[SourceVersionDate "2023.09.30"]
[SourceQuality "1"]

1. e4 d6 2. d4 Nf6 3. Nc3 g6 4. f3 c6 5. Bg5 Bg7 6. e5 dxe5 7. dxe5 Nd5 8. Nxd5 cxd5 9. f4 Nc6 10. Qd2 0-0 11. 0-0-0 Be6 12. Nf3 Rc8 13. Nd4 Nxd4 14. Qxd4 Qc7 15. Bd3 f6 16. exf6 exf6 17. Bh4 f5 18. Qb4 a5 19. Qa4 b5 20. Bxb5 Rb8 21. Rhe1 Rxb5 22. Qxb5 Rb8 23. Qd3 Qxf4+ 24. Qe3 Bxb2+ 25. Kd2 Qxh4 26. Qxe6+ Kh8 27. c3 Bxc3+ 28. Kxc3 Qc4+ 29. Kd2 Rb2+ 30. Ke3 Qc3+ 31. Kf4 g5+ 32. Kxf5 Rf2+ 33. Kg4 Rxg2+ 34. Kf5 Qh3+ 35. Kf6 Rf2+ 36. Ke7 Qa3+ 37. Qd6 Qf3 38. Qe5+ Kg8 39. Qxg5+ Kh8 40. Qe5+ Kg8 41. Qg3+ Qxg3 42. hxg3 Rxa2 43. Rxd5 1-0

[Event "COL-ch U20 Girls"]
[Site "Cali"]
[Date "2023.06.25"]
[Round "6"]
[White "Ladron De Guevara Mendez, Lorena"]
[Black "Quevedo Bonilla, Paula Thaliana"]
[Result "1/2-1/2"]
[WhiteElo "1358"]
[BlackElo "1318"]
[PlyCount "82"]
[EventDate "2023.06.22"]
[EventType "swiss"]
[EventRounds "7"]
[EventCountry "COL"]
[SourceTitle "CBM 214 Extra"]
[Source "ChessBase"]
[SourceDate "2023.07.31"]
[SourceVersion "1"]
[SourceVersionDate "2023.07.31"]
[SourceQuality "1"]

1. e4 c5 2. Nf3 d6 3. d4 cxd4 4. Nxd4 Nf6 5. Bd3 a6 6. c4 e6 7. b3 Be7 8. 0-0 0-0 9. Bb2 Nbd7 10. Nd2 Nc5 11. Bc2 Qc7 12. f4 e5 13. Ne2 Ng4 14. Rf3 Ne6 15. Kh1 Qb6 16. Qf1 Nd4 17. Nxd4 exd4 18. Qd3 Bf6 19. e5 g6 20. exf6 Bf5 21. Ne4 Rfe8 22. Re1 Qa5 23. Re2 Rxe4 24. Rxe4 Nxf6 25. Qxd4 Bxe4 26. Bc3 Qf5 27. Bxe4 Qxe4 28. Re3 Qxd4 29. Bxd4 Re8 30. Rxe8+ Nxe8 31. g3 Nc7 32. Kg2 f5 33. Kf3 h5 34. h3 Kf7 35. h4 Ke7 36. Ke3 Kd7 37. Kd3 Kc6 38. b4 b5 39. cxb5+ axb5 40. a3 Kd5 41. Bf2 Ne6 1/2-1/2

[Event "COL-ch U14 Girls"]
[Site "Cartagena"]
[Date "2023.04.15"]
[Round "5"]
[White "Torres Puentes, Camila"]
[Black "Quevedo Bonilla, Paula Thaliana"]
[Result "0-1"]
[WhiteElo "1174"]
[BlackElo "1388"]
[PlyCount "64"]
[EventDate "2023.04.13"]
[EventType "swiss"]
[EventRounds "7"]
[EventCountry "COL"]
[SourceTitle "CBM 213 Extra"]
[Source "ChessBase"]
[SourceDate "2023.05.31"]
[SourceVersion "1"]
[SourceVersionDate "2023.05.31"]
[SourceQuality "1"]

1. e4 e5 2. Nf3 Nc6 3. d4 exd4 4. Nxd4 Bc5 5. Be3 Qf6 6. c3 Nge7 7. Nxc6 Bxe3 8. fxe3 Qh4+ 9. g3 Qxe4 10. Nxe7 Qxh1 11. Nxc8 Rxc8 12. Qe2 0-0 13. Qg2 Qxg2 14. Bxg2 Rfe8 15. Bxb7 Rb8 16. Bg2 Rxb2 17. e4 Rxg2 18. Nd2 Rxh2 19. 0-0-0 Rg2 20. Nf1 Rxe4 21. Rxd7 Re1+ 22. Rd1 Rxd1+ 23. Kxd1 Rxa2 24. Nd2 Rxd2+ 25. Kxd2 Kf8 26. Ke3 Ke7 27. Kd4 Kd6 28. Kc4 h5 29. Kb5 g5 30. Ka6 h4 31. gxh4 gxh4 32. Kxa7 h3 0-1

[Event "Ibague Blitz op"]
[Site "Ibague"]
[Date "2022.10.08"]
[Round "8"]
[White "Quevedo Bonilla, Paula Thaliana"]
[Black "Gil Giraldo, Oscar Leandro"]
[Result "0-1"]
[WhiteElo "1394"]
[BlackElo "1312"]
[PlyCount "40"]
[EventDate "2022.10.08"]
[EventType "swiss (blitz)"]
[EventRounds "9"]
[EventCountry "COL"]
[SourceTitle "CBM 210 Extra"]
[Source "ChessBase"]
[SourceDate "2022.11.30"]
[SourceVersion "1"]
[SourceVersionDate "2022.11.30"]
[SourceQuality "1"]

1. e4 c5 2. Nf3 d6 3. d4 cxd4 4. Nxd4 Nf6 5. Nc3 g6 6. Be3 Bg7 7. f3 0-0 8. Qd2 Nc6 9. 0-0-0 Bd7 10. g4 Ne5 11. h4 Bc6 12. h5 d5 13. hxg6 fxg6 14. Ne6 Nxf3 15. Qg2 Qc8 16. Nxf8 dxe4 17. g5 Ng4 18. Bf2 e3 19. Be1 Nxe1 20. Rxe1 Bxg2 0-1

[Event "COL-ch U16 Girls"]
[Site "Villavicencio"]
[Date "2022.05.13"]
[Round "5"]
[White "Melgarejo Suarez, Aritna Valentina"]
[Black "Quevedo Bonilla, Paula Thaliana"]
[Result "0-1"]
[WhiteElo "1428"]
[BlackElo "1326"]
[PlyCount "96"]
[EventDate "2022.05.11"]
[EventType "swiss"]
[EventRounds "9"]
[EventCountry "COL"]
[SourceTitle "CBM 208 Extra"]
[Source "ChessBase"]
[SourceDate "2022.07.31"]
[SourceVersion "1"]
[SourceVersionDate "2022.07.31"]
[SourceQuality "1"]

1. e4 e5 2. Nf3 Nc6 3. Bc4 Nf6 4. d3 Bc5 5. c3 0-0 6. 0-0 d6 7. h3 h6 8. b4 Bb6 9. a4 a5 10. b5 Ne7 11. Be3 Bxe3 12. fxe3 Ng6 13. Nbd2 d5 14. exd5 Nxd5 15. Bxd5 Qxd5 16. Ne4 f5 17. Nf2 Be6 18. Qc2 Rad8 19. d4 e4 20. Nd2 Qd6 21. Rfe1 Nh4 22. Nh1 Rf6 23. Re2 Rg6 24. c4 Nf3+ 25. Nxf3 exf3 26. Rf2 fxg2 27. Rxg2 Rxg2+ 28. Kxg2 f4 29. d5 f3+ 30. Kg1 Bxh3 31. Qh2 Qxh2+ 32. Kxh2 Bg2 33. Ng3 Rd6 34. e4 Kf8 35. Ra2 Rf6 36. Nf5 g6 37. Nh4 f2 38. Rxf2 Rxf2 39. Nxg2 Re2 40. Kg3 Rxe4 41. Nf4 Kf7 42. c5 Rxa4 43. Ne6 c6 44. bxc6 bxc6 45. Nd8+ Ke8 46. Nxc6 Rc4 47. Nxa5 Rxc5 48. Nb3 Rxd5 0-1